<?xml version="1.0" encoding="UTF-8"?>
<record
    xmlns:xsi="http://www.w3.org/2001/XMLSchema-instance"
    xsi:schemaLocation="http://www.loc.gov/MARC21/slim http://www.loc.gov/standards/marcxml/schema/MARC21slim.xsd"
    xmlns="http://www.loc.gov/MARC21/slim">

  <leader>00669nab a2200205 uc4500</leader>
  <controlfield tag="001">652980</controlfield>
  <controlfield tag="005">20240201162748.0</controlfield>
  <controlfield tag="008">010320e19951216                    spa  </controlfield>
  <datafield tag="035" ind1=" " ind2=" ">
    <subfield code="a">652980</subfield>
  </datafield>
  <datafield tag="035" ind1=" " ind2=" ">
    <subfield code="a">(OCoLC)819902182</subfield>
  </datafield>
  <datafield tag="040" ind1=" " ind2=" ">
    <subfield code="c">comduadb</subfield>
  </datafield>
  <datafield tag="041" ind1=" " ind2=" ">
    <subfield code="a">spa</subfield>
  </datafield>
  <datafield tag="100" ind1="1" ind2="0">
    <subfield code="a">Clinkenbeard, Kenneth D.</subfield>
    <subfield code="4">aut</subfield>
    <subfield code="e">aut</subfield>
    <subfield code="9">517612</subfield>
  </datafield>
  <datafield tag="245" ind1="1" ind2="0">
    <subfield code="a">Citologia diagnostica : bacteriosis</subfield>
  </datafield>
  <datafield tag="650" ind1=" " ind2=" ">
    <subfield code="a">Citologia veterinaria</subfield>
    <subfield code="9">75622</subfield>
  </datafield>
  <datafield tag="650" ind1=" " ind2="7">
    <subfield code="a">Infecciones bacterianas</subfield>
    <subfield code="2">dcs</subfield>
    <subfield code="9">36812</subfield>
  </datafield>
  <datafield tag="650" ind1=" " ind2=" ">
    <subfield code="a">Diagn&#xF3;stico microbiol&#xF3;gico</subfield>
    <subfield code="9">49852</subfield>
  </datafield>
  <datafield tag="773" ind1="0" ind2=" ">
    <subfield code="t">Selecciones Veterinarias (Buenos Aires)</subfield>
    <subfield code="g">Vol. 03, No. 06, Dic. 1995, p. 327-332</subfield>
    <subfield code="w">355244</subfield>
    <subfield code="z">0327859X</subfield>
    <subfield code="0">108386</subfield>
  </datafield>
  <datafield tag="942" ind1=" " ind2=" ">
    <subfield code="c">ARIMP</subfield>
  </datafield>
  <datafield tag="999" ind1=" " ind2=" ">
    <subfield code="c">190863</subfield>
    <subfield code="d">190863</subfield>
  </datafield>
</record>
